000 00480nam a2200145Ia 4500
008 100204s9999 xx 000 0 und d
082 _b16005
100 _aदेशपांडे ना. व्य.
245 _aसरकार ते सरकार
260 _b"मौज प्रकाशन , मुंबई"
_c1992
300 _a223
630 _aसरकार ते सरकार
730 _aसरकार ते सरकार
942 _cBOOK
999 _c460428
_d460425